[Event "DEM U10 2023"]
[Site "Willingen GER"]
[Date "2023.05.31"]
[Round "6"]
[White "Wagener, Nicolas"]
[Black "Sutharjan, Dakxwin"]
[Result "1-0"]
[Termination "normal"]
[Board "13"]
[WhiteElo "1506"]
[BlackElo "1438"]
[WhiteClock "00:51:25"]
[BlackClock "00:15:06"]
[PlyCount "83"]
[WhiteFideId "34607935"]
[BlackFideId "34606548"]
[EventCountry "GER"]
[EventRounds "11"]
[EventType "swiss"]
[EventDate "2023.05.27"]

1. e4 {[%clk 01:15:58]} {[%emt 00:00:02]} d5 {[%clk 01:15:46]} {[%emt
00:00:15]} 2. exd5 {[%clk 01:16:23]} {[%emt 00:00:05]} Nf6 {[%clk 01:16:04]}
{[%emt 00:00:11]} 3. Nc3 {[%clk 01:16:48]} {[%emt 00:00:05]} Nxd5 {[%clk
01:16:19]} {[%emt 00:00:16]} 4. Bc4 {[%clk 01:17:12]} {[%emt 00:00:06]} Nxc3
{[%clk 01:16:15]} {[%emt 00:00:34]} 5. Qf3 {[%clk 01:17:32]} {[%emt 00:00:09]}
e6 {[%clk 01:15:10]} {[%emt 00:01:37]} 6. dxc3 {[%clk 01:17:56]} {[%emt
00:00:06]} Bd6 {[%clk 01:09:39]} {[%emt 00:06:01]} 7. Nh3 {[%clk 01:12:03]}
{[%emt 00:06:21]} O-O {[%clk 01:07:14]} {[%emt 00:02:57]} 8. Bd3 {[%clk
01:12:15]} {[%emt 00:00:18]} Qf6 {[%clk 00:58:27]} {[%emt 00:09:17]} 9. Qxf6
{[%clk 01:10:31]} {[%emt 00:02:13]} gxf6 {[%clk 00:58:41]} {[%emt 00:00:17]}
10. Bh6 {[%clk 01:10:54]} {[%emt 00:00:06]} Re8 {[%clk 00:54:40]} {[%emt
00:04:32]} 11. g4 {[%clk 01:11:01]} {[%emt 00:00:21]} Nc6 {[%clk 00:53:27]}
{[%emt 00:01:44]} 12. f4 {[%clk 01:10:55]} {[%emt 00:00:34]} Bf8 {[%clk
00:51:36]} {[%emt 00:02:23]} 13. Bxf8 {[%clk 01:10:26]} {[%emt 00:00:59]} Rxf8
{[%clk 00:51:31]} {[%emt 00:00:35]} 14. f5 {[%clk 01:10:31]} {[%emt 00:00:24]}
exf5 {[%clk 00:51:02]} {[%emt 00:01:00]} 15. gxf5 {[%clk 01:10:53]} {[%emt
00:00:08]} Kh8 {[%clk 00:48:32]} {[%emt 00:03:01]} 16. Rg1 {[%clk 01:10:50]}
{[%emt 00:00:31]} Bd7 {[%clk 00:44:15]} {[%emt 00:04:49]} 17. Kd2 {[%clk
01:10:40]} {[%emt 00:00:38]} Rg8 {[%clk 00:39:13]} {[%emt 00:05:33]} 18. Nf4
{[%clk 01:10:01]} {[%emt 00:01:08]} Ne5 {[%clk 00:37:51]} {[%emt 00:01:54]} 19.
Be4 {[%clk 01:04:33]} {[%emt 00:05:56]} Bc6 {[%clk 00:37:45]} {[%emt 00:00:37]}
20. Bxc6 {[%clk 01:04:48]} {[%emt 00:00:14]} bxc6 {[%clk 00:38:05]} {[%emt
00:00:11]} 21. Rxg8+ {[%clk 01:00:01]} {[%emt 00:05:17]} Rxg8 {[%clk 00:38:08]}
{[%emt 00:00:27]} 22. Rf1 {[%clk 01:00:21]} {[%emt 00:00:08]} Rg5 {[%clk
00:37:00]} {[%emt 00:01:41]} 23. Nd3 {[%clk 01:00:31]} {[%emt 00:00:18]} Rg2+
{[%clk 00:36:39]} {[%emt 00:00:52]} 24. Rf2 {[%clk 01:00:30]} {[%emt 00:00:31]}
Rxf2+ {[%clk 00:33:37]} {[%emt 00:03:32]} 25. Nxf2 {[%clk 00:59:54]} {[%emt
00:01:05]} Kg7 {[%clk 00:33:54]} {[%emt 00:00:14]} 26. Ke2 {[%clk 00:57:50]}
{[%emt 00:02:33]} Kh6 {[%clk 00:31:05]} {[%emt 00:03:20]} 27. Ne4 {[%clk
00:57:30]} {[%emt 00:00:49]} Kg7 {[%clk 00:28:19]} {[%emt 00:03:16]} 28. b3
{[%clk 00:57:34]} {[%emt 00:00:26]} h5 {[%clk 00:27:05]} {[%emt 00:01:45]} 29.
h3 {[%clk 00:57:32]} {[%emt 00:00:31]} Kh6 {[%clk 00:26:41]} {[%emt 00:00:54]}
30. Ke3 {[%clk 00:55:25]} {[%emt 00:02:37]} c5 {[%clk 00:25:32]} {[%emt
00:01:40]} 31. Kf4 {[%clk 00:51:38]} {[%emt 00:04:15]} Kg7 {[%clk 00:24:54]}
{[%emt 00:01:08]} 32. Nxc5 {[%clk 00:51:37]} {[%emt 00:00:32]} Kf8 {[%clk
00:25:07]} {[%emt 00:00:17]} 33. Nd3 {[%clk 00:50:31]} {[%emt 00:01:36]} Nc6
{[%clk 00:25:17]} {[%emt 00:00:20]} 34. Nb4 {[%clk 00:50:55]} {[%emt 00:00:06]}
Ne7 {[%clk 00:25:31]} {[%emt 00:00:17]} 35. Ke4 {[%clk 00:50:59]} {[%emt
00:00:24]} c5 {[%clk 00:25:27]} {[%emt 00:00:35]} 36. Nd5 {[%clk 00:51:21]}
{[%emt 00:00:08]} Nc6 {[%clk 00:22:41]} {[%emt 00:03:15]} 37. Nxf6 {[%clk
00:51:12]} {[%emt 00:00:40]} h4 {[%clk 00:22:42]} {[%emt 00:00:29]} 38. Nd7+
{[%clk 00:51:37]} {[%emt 00:00:05]} Ke7 {[%clk 00:20:42]} {[%emt 00:02:30]} 39.
Nxc5 {[%clk 00:51:51]} {[%emt 00:00:16]} Kd6 {[%clk 00:19:55]} {[%emt
00:01:16]} 40. b4 {[%clk 00:50:46]} {[%emt 00:01:36]} a5 {[%clk 00:19:41]}
{[%emt 00:00:45]} 41. a3 {[%clk 00:51:04]} {[%emt 00:00:12]} axb4 {[%clk
00:15:06]} {[%emt 00:05:05]} 42. cxb4 {[%clk 00:51:25]} {[%emt 00:00:08]} 1-0

[Event "DEM U10 2023"]
[Site "Willingen GER"]
[Date "2023.05.31"]
[Round "6"]
[White "Pradeep, Harshill"]
[Black "Obermair, Hannes"]
[Result "1-0"]
[Termination "normal"]
[Board "14"]
[WhiteElo "1482"]
[BlackElo "1320"]
[WhiteClock "01:22:33"]
[BlackClock "00:32:49"]
[PlyCount "57"]
[WhiteFideId "34629513"]
[BlackFideId "34640509"]
[EventCountry "GER"]
[EventRounds "11"]
[EventType "swiss"]
[EventDate "2023.05.27"]

1. e4 {[%clk 01:15:58]} {[%emt 00:00:01]} c5 {[%clk 01:15:49]} {[%emt
00:00:12]} 2. Nf3 {[%clk 01:16:15]} {[%emt 00:00:13]} Nc6 {[%clk 01:16:08]}
{[%emt 00:00:11]} 3. c3 {[%clk 01:16:38]} {[%emt 00:00:07]} d5 {[%clk
01:16:09]} {[%emt 00:00:29]} 4. exd5 {[%clk 01:17:01]} {[%emt 00:00:07]} Qxd5
{[%clk 01:16:15]} {[%emt 00:00:22]} 5. d4 {[%clk 01:17:26]} {[%emt 00:00:07]}
Nf6 {[%clk 01:16:07]} {[%emt 00:00:38]} 6. Be3 {[%clk 01:17:41]} {[%emt
00:00:15]} cxd4 {[%clk 01:16:00]} {[%emt 00:00:37]} 7. cxd4 {[%clk 01:18:01]}
{[%emt 00:00:09]} e6 {[%clk 01:15:22]} {[%emt 00:01:07]} 8. a3 {[%clk
01:18:06]} {[%emt 00:00:26]} a6 {[%clk 01:14:55]} {[%emt 00:00:57]} 9. Nc3
{[%clk 01:18:03]} {[%emt 00:00:32]} Qd6 {[%clk 01:14:50]} {[%emt 00:00:35]} 10.
Bd3 {[%clk 01:18:19]} {[%emt 00:00:15]} Be7 {[%clk 01:14:32]} {[%emt 00:00:48]}
11. O-O {[%clk 01:18:43]} {[%emt 00:00:06]} O-O {[%clk 01:14:18]} {[%emt
00:00:44]} 12. Bb1 {[%clk 01:19:03]} {[%emt 00:00:10]} b5 {[%clk 01:13:26]}
{[%emt 00:01:21]} 13. Bg5 {[%clk 01:19:12]} {[%emt 00:00:21]} Rd8 {[%clk
01:10:29]} {[%emt 00:03:28]} 14. Bxf6 {[%clk 01:19:15]} {[%emt 00:00:27]} Bxf6
{[%clk 01:10:38]} {[%emt 00:00:21]} 15. Ne4 {[%clk 01:19:41]} {[%emt 00:00:05]}
Qe7 {[%clk 01:08:50]} {[%emt 00:02:16]} 16. Nxf6+ {[%clk 01:19:43]} {[%emt
00:00:29]} Qxf6 {[%clk 01:08:59]} {[%emt 00:00:20]} 17. Qc2 {[%clk 01:20:09]}
{[%emt 00:00:05]} Nxd4 {[%clk 01:04:05]} {[%emt 00:05:23]} 18. Nxd4 {[%clk
01:20:06]} {[%emt 00:00:33]} Qxd4 {[%clk 00:58:51]} {[%emt 00:05:44]} 19. Qxh7+
{[%clk 01:20:30]} {[%emt 00:00:08]} Kf8 {[%clk 00:58:58]} {[%emt 00:00:20]} 20.
Be4 {[%clk 01:20:57]} {[%emt 00:00:05]} Rb8 {[%clk 00:57:39]} {[%emt 00:01:48]}
21. Bf3 {[%clk 01:20:41]} {[%emt 00:00:47]} Qxb2 {[%clk 00:54:06]} {[%emt
00:04:02]} 22. Rad1 {[%clk 01:20:52]} {[%emt 00:00:21]} Rxd1 {[%clk 00:45:03]}
{[%emt 00:09:32]} 23. Rxd1 {[%clk 01:21:16]} {[%emt 00:00:06]} g6 {[%clk
00:39:39]} {[%emt 00:05:54]} 24. Qh6+ {[%clk 01:21:20]} {[%emt 00:00:26]} Ke7
{[%clk 00:39:11]} {[%emt 00:00:58]} 25. Qh4+ {[%clk 01:21:29]} {[%emt
00:00:22]} Qf6 {[%clk 00:33:23]} {[%emt 00:06:18]} 26. Qb4+ {[%clk 01:21:54]}
{[%emt 00:00:06]} Ke8 {[%clk 00:32:26]} {[%emt 00:01:26]} 27. Bc6+ {[%clk
01:22:16]} {[%emt 00:00:08]} Bd7 {[%clk 00:32:31]} {[%emt 00:00:24]} 28. Rxd7
{[%clk 01:22:33]} {[%emt 00:00:13]} Qa1+ {[%clk 00:32:49]} {[%emt 00:00:10]}
29. Rd1# {[%emt 00:00:43]} 1-0

[Event "DEM U10 2023"]
[Site "Willingen GER"]
[Date "2023.05.31"]
[Round "6"]
[White "Brückner, Julian"]
[Black "Ishcenko, Volodymyr"]
[Result "1-0"]
[Termination "normal"]
[Board "15"]
[WhiteElo "1681"]
[BlackElo "1220"]
[WhiteClock "00:56:03"]
[BlackClock "00:37:53"]
[PlyCount "49"]
[WhiteFideId "34630031"]
[BlackFideId "34660208"]
[EventCountry "GER"]
[EventRounds "11"]
[EventType "swiss"]
[EventDate "2023.05.27"]

1. e4 {[%clk 01:15:59]} {[%emt 00:00:01]} c5 {[%clk 01:15:49]} {[%emt
00:00:11]} 2. Nf3 {[%clk 01:16:16]} {[%emt 00:00:13]} Nc6 {[%clk 01:16:08]}
{[%emt 00:00:11]} 3. d4 {[%clk 01:16:31]} {[%emt 00:00:14]} cxd4 {[%clk
01:16:30]} {[%emt 00:00:08]} 4. Nxd4 {[%clk 01:16:46]} {[%emt 00:00:15]} Nf6
{[%clk 01:16:40]} {[%emt 00:00:20]} 5. Nc3 {[%clk 01:16:44]} {[%emt 00:00:32]}
d6 {[%clk 01:14:21]} {[%emt 00:02:50]} 6. Be3 {[%clk 01:15:48]} {[%emt
00:01:26]} e5 {[%clk 01:13:25]} {[%emt 00:01:26]} 7. Nb3 {[%clk 01:15:07]}
{[%emt 00:01:11]} Be6 {[%clk 01:12:15]} {[%emt 00:01:40]} 8. f3 {[%clk
01:10:47]} {[%emt 00:04:50]} Be7 {[%clk 01:10:01]} {[%emt 00:02:43]} 9. Qd2
{[%clk 01:10:53]} {[%emt 00:00:25]} O-O {[%clk 01:08:01]} {[%emt 00:02:28]} 10.
O-O-O {[%clk 01:09:01]} {[%emt 00:02:24]} Bxb3 {[%clk 01:08:11]} {[%emt
00:00:20]} 11. axb3 {[%clk 01:09:14]} {[%emt 00:00:17]} Qa5 {[%clk 01:06:39]}
{[%emt 00:01:50]} 12. Kb1 {[%clk 01:08:09]} {[%emt 00:01:46]} a6 {[%clk
01:06:29]} {[%emt 00:00:40]} 13. g4 {[%clk 01:06:37]} {[%emt 00:02:03]} h6
{[%clk 01:03:34]} {[%emt 00:03:25]} 14. h4 {[%clk 01:05:13]} {[%emt 00:01:53]}
Nd7 {[%clk 01:01:05]} {[%emt 00:02:59]} 15. h5 {[%clk 01:02:55]} {[%emt
00:02:49]} Nc5 {[%clk 00:57:57]} {[%emt 00:03:30]} 16. g5 {[%clk 01:01:50]}
{[%emt 00:01:42]} Bxg5 {[%clk 00:54:19]} {[%emt 00:04:05]} 17. Bxg5 {[%clk
01:02:11]} {[%emt 00:00:13]} hxg5 {[%clk 00:54:41]} {[%emt 00:00:08]} 18. Qxg5
{[%clk 01:02:36]} {[%emt 00:00:04]} Ne6 {[%clk 00:54:13]} {[%emt 00:00:57]} 19.
Qg4 {[%clk 01:01:43]} {[%emt 00:01:24]} Rad8 {[%clk 00:46:59]} {[%emt
00:07:44]} 20. h6 {[%clk 01:01:13]} {[%emt 00:01:01]} g6 {[%clk 00:46:43]}
{[%emt 00:00:41]} 21. h7+ {[%clk 01:00:52]} {[%emt 00:00:56]} Kh8 {[%clk
00:43:08]} {[%emt 00:03:56]} 22. Qh4 {[%clk 00:59:48]} {[%emt 00:01:39]} Ng7
{[%clk 00:40:03]} {[%emt 00:03:37]} 23. Qf6 {[%clk 00:57:41]} {[%emt 00:02:40]}
Qc7 {[%clk 00:39:24]} {[%emt 00:01:08]} 24. Nd5 {[%clk 00:55:42]} {[%emt
00:02:29]} Rfe8 {[%clk 00:37:53]} {[%emt 00:01:58]} 25. Nxc7 {[%clk 00:56:03]}
{[%emt 00:00:13]} 1-0

[Event "DEM U10 2023"]
[Site "Willingen GER"]
[Date "2023.05.31"]
[Round "6"]
[White "Moskalenko, Michael"]
[Black "Prashanthakumar, Arnesh"]
[Result "1-0"]
[Termination "normal"]
[Board "16"]
[WhiteElo "1243"]
[BlackElo "1395"]
[WhiteClock "00:51:40"]
[BlackClock "00:05:31"]
[PlyCount "51"]
[WhiteFideId "34608877"]
[BlackFideId "34604073"]
[EventCountry "GER"]
[EventRounds "11"]
[EventType "swiss"]
[EventDate "2023.05.27"]

1. d4 {[%clk 01:15:58]} d5 {[%clk 01:15:52]} {[%emt 00:00:09]} 2. c4 {[%clk
01:16:23]} {[%emt 00:00:06]} e6 {[%clk 01:16:08]} {[%emt 00:00:14]} 3. Nf3
{[%clk 01:16:45]} {[%emt 00:00:08]} Nf6 {[%clk 01:16:06]} {[%emt 00:00:31]} 4.
Nc3 {[%clk 01:17:03]} {[%emt 00:00:13]} Be7 {[%clk 01:15:47]} {[%emt 00:00:48]}
5. Bg5 {[%clk 01:17:03]} {[%emt 00:00:30]} O-O {[%clk 01:15:40]} {[%emt
00:00:37]} 6. e3 {[%clk 01:17:24]} {[%emt 00:00:09]} h6 {[%clk 01:15:13]}
{[%emt 00:00:57]} 7. Bh4 {[%clk 01:17:32]} {[%emt 00:00:22]} Nbd7 {[%clk
01:14:44]} {[%emt 00:00:59]} 8. Bd3 {[%clk 01:17:04]} {[%emt 00:00:58]} dxc4
{[%clk 01:14:01]} {[%emt 00:01:13]} 9. Bxc4 {[%clk 01:17:13]} {[%emt 00:00:21]}
b6 {[%clk 01:12:51]} {[%emt 00:01:39]} 10. O-O {[%clk 01:16:29]} {[%emt
00:01:14]} Bb7 {[%clk 01:11:25]} {[%emt 00:01:56]} 11. Qe2 {[%clk 01:15:12]}
{[%emt 00:01:47]} c5 {[%clk 01:08:26]} {[%emt 00:03:29]} 12. Rfd1 {[%clk
01:13:52]} {[%emt 00:01:49]} Qc7 {[%clk 01:05:37]} {[%emt 00:03:20]} 13. dxc5
{[%clk 01:12:31]} {[%emt 00:01:52]} Nxc5 {[%clk 01:02:24]} {[%emt 00:03:41]}
14. Nb5 {[%clk 01:10:04]} {[%emt 00:02:58]} Qc6 {[%clk 00:56:47]} {[%emt
00:06:07]} 15. Nbd4 {[%clk 01:07:04]} {[%emt 00:03:30]} Qc7 {[%clk 00:55:12]}
{[%emt 00:02:04]} 16. Bg3 {[%clk 01:06:31]} {[%emt 00:01:04]} Qc8 {[%clk
00:52:08]} {[%emt 00:03:34]} 17. Rac1 {[%clk 01:05:59]} {[%emt 00:01:03]} Qe8
{[%clk 00:47:31]} {[%emt 00:05:04]} 18. Nb5 {[%clk 01:04:47]} {[%emt 00:01:46]}
Rc8 {[%clk 00:42:47]} {[%emt 00:05:12]} 19. Nd6 {[%clk 01:04:52]} {[%emt
00:00:26]} Bxd6 {[%clk 00:41:36]} {[%emt 00:01:41]} 20. Bxd6 {[%clk 01:04:48]}
{[%emt 00:00:33]} Rd8 {[%clk 00:37:50]} {[%emt 00:04:15]} 21. Bb5 {[%clk
01:00:30]} {[%emt 00:04:49]} Ncd7 {[%clk 00:35:16]} {[%emt 00:03:03]} 22. Rc7
{[%clk 00:57:37]} {[%emt 00:03:24]} Bc8 {[%clk 00:31:45]} {[%emt 00:04:01]} 23.
Ne5 {[%clk 00:53:38]} {[%emt 00:04:29]} a6 {[%clk 00:21:11]} {[%emt 00:11:04]}
24. Bc6 {[%clk 00:53:12]} {[%emt 00:00:56]} g6 {[%clk 00:06:25]} {[%emt
00:15:16]} 25. Bxf8 {[%clk 00:52:44]} {[%emt 00:00:57]} Kxf8 {[%clk 00:05:31]}
{[%emt 00:01:24]} 26. Qd3 {[%clk 00:51:40]} {[%emt 00:01:35]} 1-0

[Event "DEM U10 2023"]
[Site "Willingen GER"]
[Date "2023.05.31"]
[Round "6"]
[White "Gruner, Cornelius"]
[Black "Pawlak, Antoni"]
[Result "0-1"]
[Termination "normal"]
[Board "17"]
[WhiteElo "1279"]
[BlackElo "1323"]
[WhiteClock "00:47:19"]
[BlackClock "00:48:35"]
[PlyCount "72"]
[WhiteFideId "34616306"]
[BlackFideId "34605460"]
[EventCountry "GER"]
[EventRounds "11"]
[EventType "swiss"]
[EventDate "2023.05.27"]

1. d4 {[%clk 01:15:59]} d5 {[%clk 01:15:55]} {[%emt 00:00:05]} 2. c4 {[%clk
01:16:24]} {[%emt 00:00:04]} Nc6 {[%clk 01:16:21]} {[%emt 00:00:04]} 3. Nc3
{[%clk 01:16:46]} {[%emt 00:00:08]} Nf6 {[%clk 01:16:46]} {[%emt 00:00:05]} 4.
cxd5 {[%clk 01:16:26]} {[%emt 00:00:50]} Nxd5 {[%clk 01:17:06]} {[%emt
00:00:09]} 5. e4 {[%clk 01:16:42]} {[%emt 00:00:15]} Nf6 {[%clk 01:11:32]}
{[%emt 00:06:04]} 6. d5 {[%clk 01:16:25]} {[%emt 00:00:47]} Na5 {[%clk
01:11:20]} {[%emt 00:00:41]} 7. Nf3 {[%clk 01:16:10]} {[%emt 00:00:45]} Bg4
{[%clk 01:08:36]} {[%emt 00:03:14]} 8. Be2 {[%clk 01:16:22]} {[%emt 00:00:18]}
c6 {[%clk 01:05:36]} {[%emt 00:03:30]} 9. O-O {[%clk 01:14:26]} {[%emt
00:02:25]} cxd5 {[%clk 01:03:35]} {[%emt 00:02:32]} 10. exd5 {[%clk 01:14:34]}
{[%emt 00:00:22]} e6 {[%clk 01:02:54]} {[%emt 00:01:11]} 11. dxe6 {[%clk
01:14:19]} {[%emt 00:00:44]} Bxe6 {[%clk 01:03:15]} {[%emt 00:00:09]} 12. Bf4
{[%clk 01:13:26]} {[%emt 00:01:23]} Be7 {[%clk 00:58:29]} {[%emt 00:05:16]} 13.
Qc2 {[%clk 01:09:50]} {[%emt 00:04:06]} O-O {[%clk 00:58:06]} {[%emt 00:00:53]}
14. Rad1 {[%clk 01:09:07]} {[%emt 00:01:14]} Qb6 {[%clk 00:56:06]} {[%emt
00:02:30]} 15. Be3 {[%clk 01:03:47]} {[%emt 00:05:50]} Qc7 {[%clk 00:54:21]}
{[%emt 00:02:15]} 16. b3 {[%clk 01:02:21]} {[%emt 00:01:57]} Rac8 {[%clk
00:53:34]} {[%emt 00:01:17]} 17. Rd3 {[%clk 01:01:47]} {[%emt 00:01:03]} Nd5
{[%clk 00:53:34]} {[%emt 00:00:31]} 18. b4 {[%clk 00:54:38]} {[%emt 00:07:40]}
Nxb4 {[%clk 00:53:02]} {[%emt 00:01:01]} 19. Qb1 {[%clk 00:52:13]} {[%emt
00:02:55]} Nxd3 {[%clk 00:53:13]} {[%emt 00:00:19]} 20. Bxd3 {[%clk 00:51:32]}
{[%emt 00:01:12]} Qxc3 {[%clk 00:53:11]} {[%emt 00:00:31]} 21. Bxh7+ {[%clk
00:51:06]} {[%emt 00:00:55]} Kh8 {[%clk 00:52:05]} {[%emt 00:01:36]} 22. Bd4
{[%clk 00:51:03]} {[%emt 00:00:33]} Qb4 {[%clk 00:52:01]} {[%emt 00:00:34]} 23.
Qe4 {[%clk 00:50:39]} {[%emt 00:00:54]} Nc6 {[%clk 00:48:34]} {[%emt 00:03:58]}
24. h4 {[%clk 00:48:48]} {[%emt 00:02:21]} Nxd4 {[%clk 00:48:15]} {[%emt
00:00:49]} 25. Nxd4 {[%clk 00:48:38]} {[%emt 00:00:40]} Bf6 {[%clk 00:47:47]}
{[%emt 00:00:58]} 26. Qe2 {[%clk 00:48:02]} {[%emt 00:01:06]} Kxh7 {[%clk
00:47:15]} {[%emt 00:01:02]} 27. Qh5+ {[%clk 00:48:21]} {[%emt 00:00:10]} Kg8
{[%clk 00:47:37]} {[%emt 00:00:08]} 28. Nf3 {[%clk 00:48:10]} {[%emt 00:00:42]}
Bg4 {[%clk 00:47:54]} {[%emt 00:00:13]} 29. Qd5 {[%clk 00:48:14]} {[%emt
00:00:25]} Bxf3 {[%clk 00:48:00]} {[%emt 00:00:25]} 30. Qxf3 {[%clk 00:48:34]}
{[%emt 00:00:11]} Qxh4 {[%clk 00:47:47]} {[%emt 00:00:42]} 31. g3 {[%clk
00:48:52]} {[%emt 00:00:11]} Qh3 {[%clk 00:47:41]} {[%emt 00:00:36]} 32. Qf4
{[%clk 00:48:20]} {[%emt 00:01:03]} Rc5 {[%clk 00:47:47]} {[%emt 00:00:24]} 33.
g4 {[%clk 00:47:51]} {[%emt 00:00:58]} Be5 {[%clk 00:48:01]} {[%emt 00:00:17]}
34. Qxe5 {[%clk 00:47:20]} {[%emt 00:01:01]} Rxe5 {[%clk 00:48:22]} {[%emt
00:00:09]} 35. f4 {[%clk 00:47:03]} {[%emt 00:00:47]} Qxg4+ {[%clk 00:48:41]}
{[%emt 00:00:11]} 36. Kf2 {[%clk 00:47:19]} {[%emt 00:00:14]} Re2# {[%clk
00:48:35]} {[%emt 00:00:05]} 0-1

[Event "DEM U10 2023"]
[Site "Willingen GER"]
[Date "2023.05.31"]
[Round "6"]
[White "Bergmann, Rafael Antonio"]
[Black "Burban, Bogdan"]
[Result "1-0"]
[Termination "normal"]
[Board "18"]
[WhiteElo "1669"]
[BlackElo "1300"]
[WhiteClock "01:05:35"]
[BlackClock "00:43:52"]
[PlyCount "99"]
[WhiteFideId "34635076"]
[BlackFideId "34609040"]
[EventCountry "GER"]
[EventRounds "11"]
[EventType "swiss"]
[EventDate "2023.05.27"]

1. e4 {[%clk 01:15:58]} {[%emt 00:00:01]} e6 {[%clk 01:15:57]} {[%emt
00:00:05]} 2. d4 {[%clk 01:16:13]} {[%emt 00:00:13]} d5 {[%clk 01:16:23]}
{[%emt 00:00:05]} 3. Nd2 {[%clk 01:16:32]} {[%emt 00:00:10]} c5 {[%clk
01:16:41]} {[%emt 00:00:13]} 4. exd5 {[%clk 01:16:50]} {[%emt 00:00:12]} Qxd5
{[%clk 01:17:02]} {[%emt 00:00:09]} 5. Ngf3 {[%clk 01:17:07]} {[%emt 00:00:12]}
cxd4 {[%clk 01:17:16]} {[%emt 00:00:17]} 6. Bc4 {[%clk 01:17:25]} {[%emt
00:00:12]} Qd6 {[%clk 01:17:31]} {[%emt 00:00:15]} 7. O-O {[%clk 01:17:40]}
{[%emt 00:00:14]} Nf6 {[%clk 01:17:50]} {[%emt 00:00:13]} 8. Nb3 {[%clk
01:17:58]} {[%emt 00:00:11]} Nc6 {[%clk 01:18:03]} {[%emt 00:00:18]} 9. Nbxd4
{[%clk 01:18:07]} {[%emt 00:00:21]} Nxd4 {[%clk 01:18:21]} {[%emt 00:00:12]}
10. Nxd4 {[%clk 01:18:28]} {[%emt 00:00:09]} a6 {[%clk 01:18:40]} {[%emt
00:00:11]} 11. Re1 {[%clk 01:15:47]} {[%emt 00:03:10]} Qc7 {[%clk 01:18:58]}
{[%emt 00:00:14]} 12. Bf1 {[%clk 01:15:41]} {[%emt 00:00:34]} Bd6 {[%clk
01:18:48]} {[%emt 00:00:41]} 13. Nf5 {[%clk 01:14:39]} {[%emt 00:01:32]} Bxh2+
{[%clk 01:18:33]} {[%emt 00:00:44]} 14. Kh1 {[%clk 01:15:01]} {[%emt 00:00:08]}
O-O {[%clk 01:18:49]} {[%emt 00:00:15]} 15. Nxg7 {[%clk 01:14:39]} {[%emt
00:00:52]} Rd8 {[%clk 01:19:06]} {[%emt 00:00:13]} 16. Bd3 {[%clk 01:14:54]}
{[%emt 00:00:15]} Kxg7 {[%clk 01:19:04]} {[%emt 00:00:33]} 17. Qd2 {[%clk
01:15:04]} {[%emt 00:00:19]} Be5 {[%clk 01:14:28]} {[%emt 00:05:07]} 18. Qg5+
{[%clk 01:14:43]} {[%emt 00:00:50]} Kh8 {[%clk 01:12:23]} {[%emt 00:02:35]} 19.
Rxe5 {[%clk 01:07:50]} {[%emt 00:07:24]} Ng4 {[%clk 01:07:11]} {[%emt
00:05:43]} 20. Qxg4 {[%clk 01:04:28]} {[%emt 00:03:52]} Qxe5 {[%clk 01:05:56]}
{[%emt 00:01:45]} 21. Qh4 {[%clk 01:01:13]} {[%emt 00:03:41]} Rxd3 {[%clk
01:03:46]} {[%emt 00:02:43]} 22. cxd3 {[%clk 01:01:21]} {[%emt 00:00:23]} b5
{[%clk 01:01:34]} {[%emt 00:02:42]} 23. Bg5 {[%clk 01:00:32]} {[%emt 00:01:19]}
Qf5 {[%clk 00:59:03]} {[%emt 00:03:01]} 24. Qh6 {[%clk 00:59:13]} {[%emt
00:01:50]} Bb7 {[%clk 00:51:54]} {[%emt 00:07:38]} 25. Bf6+ {[%clk 00:59:26]}
{[%emt 00:00:16]} Qxf6 {[%clk 00:51:31]} {[%emt 00:00:53]} 26. Qxf6+ {[%clk
00:59:28]} {[%emt 00:00:28]} Kg8 {[%clk 00:51:44]} {[%emt 00:00:17]} 27. Rc1
{[%clk 00:59:44]} {[%emt 00:00:12]} Bd5 {[%clk 00:47:44]} {[%emt 00:04:32]} 28.
Rc7 {[%clk 00:59:07]} {[%emt 00:01:07]} Rf8 {[%clk 00:47:24]} {[%emt 00:00:50]}
29. b3 {[%clk 00:59:21]} {[%emt 00:00:16]} a5 {[%clk 00:46:54]} {[%emt
00:01:00]} 30. Ra7 {[%clk 00:59:30]} {[%emt 00:00:19]} a4 {[%clk 00:46:42]}
{[%emt 00:00:44]} 31. bxa4 {[%clk 00:59:44]} {[%emt 00:00:16]} bxa4 {[%clk
00:46:16]} {[%emt 00:00:56]} 32. Rxa4 {[%clk 01:00:00]} {[%emt 00:00:14]} Rc8
{[%clk 00:44:27]} {[%emt 00:02:19]} 33. Rg4+ {[%clk 01:00:05]} {[%emt
00:00:24]} Kf8 {[%clk 00:44:33]} {[%emt 00:00:25]} 34. Qh8+ {[%clk 01:00:25]}
{[%emt 00:00:10]} Ke7 {[%clk 00:44:45]} {[%emt 00:00:19]} 35. Qxc8 {[%clk
01:00:48]} {[%emt 00:00:06]} h5 {[%clk 00:44:07]} {[%emt 00:01:08]} 36. Qc7+
{[%clk 01:01:09]} {[%emt 00:00:09]} Kf6 {[%clk 00:44:22]} {[%emt 00:00:15]} 37.
Rf4+ {[%clk 01:01:24]} {[%emt 00:00:15]} Kg5 {[%clk 00:42:53]} {[%emt
00:01:59]} 38. Qe5+ {[%clk 01:01:38]} {[%emt 00:00:13]} f5 {[%clk 00:43:01]}
{[%emt 00:00:25]} 39. Rxf5+ {[%clk 01:01:59]} {[%emt 00:00:10]} exf5 {[%clk
00:43:18]} {[%emt 00:00:13]} 40. Qxd5 {[%clk 01:02:22]} {[%emt 00:00:06]} h4
{[%clk 00:43:31]} {[%emt 00:00:17]} 41. Kh2 {[%clk 01:02:34]} {[%emt 00:00:18]}
h3 {[%clk 00:43:27]} {[%emt 00:00:34]} 42. Kxh3 {[%clk 01:02:56]} {[%emt
00:00:08]} Kf6 {[%clk 00:43:37]} {[%emt 00:00:20]} 43. f4 {[%clk 01:03:17]}
{[%emt 00:00:09]} Kg6 {[%clk 00:42:29]} {[%emt 00:01:38]} 44. Qe6+ {[%clk
01:03:20]} {[%emt 00:00:26]} Kg7 {[%clk 00:42:21]} {[%emt 00:00:38]} 45. a4
{[%clk 01:03:41]} {[%emt 00:00:11]} Kh7 {[%clk 00:42:38]} {[%emt 00:00:13]} 46.
a5 {[%clk 01:04:01]} {[%emt 00:00:10]} Kg7 {[%clk 00:42:56]} {[%emt 00:00:11]}
47. a6 {[%clk 01:04:29]} {[%emt 00:00:03]} Kh7 {[%clk 00:43:18]} {[%emt
00:00:08]} 48. a7 {[%clk 01:04:56]} {[%emt 00:00:04]} Kg7 {[%clk 00:43:36]}
{[%emt 00:00:12]} 49. a8=Q {[%clk 01:05:12]} {[%emt 00:00:13]} Kh7 {[%clk
00:43:52]} {[%emt 00:00:15]} 50. Qag8# {[%clk 01:05:35]} {[%emt 00:00:06]} 1-0